000 00420nam a2200157Ia 4500
008 210716s2005 xx 000 0 und d
020 _a8181284593
041 _aeng
082 _a005.2 DANS
100 _aDandamudi, Sivaram P.
245 _aGuide to assembly language programming in linux.
250 _a1
260 _aNew Delhi
_bSpringer
_c2005
300 _a542
650 _aProgg For Specific Types Of Computer
999 _c188399
_d188399